[Event "Barcelona Sant Marti op 10th"]
[Site "Barcelona"]
[Date "2023.01.26"]
[Round "3"]
[White "Fernandez Madrid, Carlos"]
[Black "Daguro Dasalla, Armando"]
[Result "0-1"]
[WhiteElo "2105"]
[BlackElo "1868"]
[PlyCount "108"]
[EventDate "2023.01.12"]
[EventType "swiss"]
[EventRounds "9"]
[EventCountry "ESP"]
[SourceTitle "CBM 213 Extra"]
[Source "ChessBase"]
[SourceDate "2023.05.31"]
[SourceVersion "1"]
[SourceVersionDate "2023.05.31"]
[SourceQuality "1"]

1. c4 Nf6 2. Nf3 c5 3. g3 g6 4. b3 Nc6 5. Bg2 Bg7 6. Bb2 d6 7. 0-0 0-0 8. d4 Nd7 9. Na3 Rb8 10. Nc2 a6 11. Qc1 b5 12. cxb5 axb5 13. dxc5 Bxb2 14. Qxb2 Nxc5 15. Rac1 Bd7 16. Ne3 Ne6 17. Nd5 Nc7 18. Nxc7 Qxc7 19. h4 Qb6 20. h5 f6 21. Nh4 Ne5 22. hxg6 hxg6 23. Qb1 Kg7 24. Rc3 b4 25. Re3 f5 26. Qb2 Rbc8 27. Nf3 Rc3 28. Nxe5 dxe5 29. Rxc3 bxc3 30. Qxc3 Kf6 31. Rd1 Rc8 32. Qb2 Be6 33. e3 g5 34. Re1 g4 35. e4 Qb4 36. Qa1 Qd4 37. exf5 Bxf5 38. Rd1 Qb4 39. Rd5 Rc3 40. Qe1 e4 41. Rb5 Qd4 42. Rd5 Qb4 43. Qd2 Kg6 44. Rd4 Qc5 45. b4 Qc7 46. Qf4 e5 47. Qd2 exd4 48. Qxd4 Rd3 49. Qh8 Rd1+ 50. Bf1 e3 51. Qe8+ Qf7 52. Qc6+ Kh7 53. Qh1+ Kg7 54. Qh4 Rxf1+ 0-1

[Event "Barcelona Segura Memorial 2nd"]
[Site "Barcelona"]
[Date "2022.10.26"]
[Round "4"]
[White "Sanchez Coves, Juan Josep"]
[Black "Daguro Dasalla, Armando"]
[Result "0-1"]
[WhiteElo "1446"]
[BlackElo "1890"]
[PlyCount "38"]
[EventDate "2022.09.28"]
[EventType "swiss"]
[EventRounds "9"]
[EventCountry "ESP"]
[SourceTitle "EXT 2024"]
[Source "ChessBase"]
[SourceDate "2023.10.10"]
[SourceVersion "1"]
[SourceVersionDate "2023.10.10"]
[SourceQuality "1"]

1. c4 c5 2. e4 Nc6 3. Nf3 g6 4. d4 cxd4 5. Nxd4 Bg7 6. Be3 Nf6 7. Nc3 0-0 8. Be2 e5 9. Ndb5 Ne8 10. Bc5 Ne7 11. Nd5 d6 12. Nxd6 Nc6 13. Nxe8 Rxe8 14. 0-0 Nd4 15. f4 Ne6 16. Ba3 exf4 17. Nxf4 Nxf4 18. Rxf4 Qg5 19. Qf1 Be6 0-1

[Event "Barcelona Ciutat op-B"]
[Site "Barcelona"]
[Date "2021.08.18"]
[Round "1"]
[White "Daguro Dasalla, Armando"]
[Black "Altemir Gubankov, Sebastian"]
[Result "1-0"]
[WhiteElo "1903"]
[BlackElo "1529"]
[PlyCount "56"]
[EventDate "2021.08.18"]
[EventType "swiss"]
[EventRounds "9"]
[EventCountry "ESP"]
[SourceTitle "EXT 2022"]
[Source "ChessBase"]
[SourceDate "2021.10.06"]
[SourceVersion "1"]
[SourceVersionDate "2021.10.06"]
[SourceQuality "1"]

1. d4 e6 2. Nf3 f5 3. c4 Nf6 4. Nc3 Bb4 5. Qb3 Bxc3+ 6. Qxc3 0-0 7. g3 b6 8. Bg2 Bb7 9. 0-0 d6 10. b3 Nbd7 11. Bb2 Ne4 12. Qc1 Qe8 13. Nh4 e5 14. f3 g5 15. fxe4 gxh4 16. Qg5+ Kh8 17. Rxf5 Rxf5 18. exf5 Bxg2 19. Kxg2 hxg3 20. hxg3 Qf7 21. Rh1 Rg8 22. Qh5 Qxh5 23. Rxh5 c5 24. dxe5 dxe5 25. Rh6 Re8 26. Re6 Rxe6 27. fxe6 Nf8 28. Bxe5+ Kg8 1-0

[Event "Barcelona Tres Peons-A"]
[Site "Barcelona"]
[Date "2021.04.07"]
[Round "6"]
[White "Daguro Dasalla, Armando"]
[Black "Brusi Noguera, Ricardo Ll"]
[Result "0-1"]
[WhiteElo "1967"]
[BlackElo "2130"]
[PlyCount "56"]
[EventDate "2021.02.24"]
[EventType "tourn"]
[EventRounds "9"]
[EventCountry "ESP"]
[SourceTitle "EXT 2022"]
[Source "ChessBase"]
[SourceDate "2021.10.06"]
[SourceVersion "1"]
[SourceVersionDate "2021.10.06"]
[SourceQuality "1"]

1. Nf3 Nf6 2. c4 g6 3. Nc3 Bg7 4. e4 d6 5. d4 0-0 6. Be2 c5 7. d5 e6 8. 0-0 exd5 9. cxd5 Bg4 10. Nd2 Bxe2 11. Qxe2 a6 12. a4 Nbd7 13. Nc4 Nb6 14. a5 Nxc4 15. Qxc4 Nd7 16. Qa4 Ne5 17. Bd2 b5 18. axb6 Qxb6 19. Qc2 Rfb8 20. Bc1 Qb3 21. Qe2 Qc4 22. Qd1 Nd3 23. Ra4 Rb4 24. Rxb4 cxb4 25. Na4 Qxe4 26. Nb6 Rb8 27. Be3 Nxb2 28. Qe2 Rxb6 0-1

[Event "Barcelona Tres Peons-A"]
[Site "Barcelona"]
[Date "2021.02.24"]
[Round "1"]
[White "Comellas Blanchart, Jordi"]
[Black "Daguro Dasalla, Armando"]
[Result "1-0"]
[WhiteElo "2145"]
[BlackElo "1967"]
[PlyCount "71"]
[EventDate "2021.02.24"]
[EventType "tourn"]
[EventRounds "9"]
[EventCountry "ESP"]
[SourceTitle "EXT 2022"]
[Source "ChessBase"]
[SourceDate "2021.10.06"]
[SourceVersion "1"]
[SourceVersionDate "2021.10.06"]
[SourceQuality "1"]

1. d4 Nf6 2. Nf3 d5 3. g3 c6 4. Bg2 e6 5. 0-0 Be7 6. c4 b6 7. Qc2 0-0 8. Nbd2 Bb7 9. e4 Nbd7 10. e5 Ne8 11. cxd5 cxd5 12. Re1 Rc8 13. Qa4 a5 14. Nf1 Ba6 15. Qd1 Nb8 16. Ne3 Nc6 17. a3 Nc7 18. h4 Bb5 19. b3 Ba6 20. Bb2 h6 21. Qd2 Re8 22. Rec1 Bb7 23. Bf1 Qd7 24. Bd3 Bf8 25. Bb1 Ne7 26. h5 g6 27. Ng4 Bg7 28. Nf6+ Bxf6 29. exf6 g5 30. Ne5 Qb5 31. fxe7 Rxe7 32. Qd3 Qxd3 33. Bxd3 Ne8 34. Rxc8 Bxc8 35. Rc1 Nd6 36. Rc6 1-0

[Event "Hospitalet de Llobregat op 4th"]
[Site "Hospitalet de Llobregat"]
[Date "2019.05.11"]
[Round "5"]
[White "Cervello Tost, Roger"]
[Black "Daguro Dasalla, Armando"]
[Result "1-0"]
[WhiteElo "2060"]
[BlackElo "1956"]
[PlyCount "27"]
[EventDate "2019.04.06"]
[EventType "swiss"]
[EventRounds "9"]
[EventCountry "ESP"]
[SourceTitle "CBM 190 Extra"]
[Source "ChessBase"]
[SourceDate "2019.07.15"]
[SourceVersion "1"]
[SourceVersionDate "2019.07.15"]
[SourceQuality "1"]

1. e4 c5 2. d4 cxd4 3. c3 e6 4. Nf3 Nc6 5. cxd4 Bb4+ 6. Bd2 Be7 7. d5 exd5 8. exd5 Nb8 9. Bc3 Bf6 10. d6 Nh6 11. Qe2+ Kf8 12. Qc4 b6 13. Bxf6 Qxf6 14. Qxc8+ 1-0

[Event "Barcelona Tres Peons 47th"]
[Site "Barcelona"]
[Date "2018.01.19"]
[Round "2.6"]
[White "Orriols Codina, Joan"]
[Black "Daguro Dasalla, Armando"]
[Result "1/2-1/2"]
[WhiteElo "1749"]
[BlackElo "1955"]
[PlyCount "64"]
[EventDate "2018.01.12"]
[EventType "swiss"]
[EventRounds "8"]
[EventCountry "ESP"]
[SourceTitle "EXT 2024"]
[Source "ChessBase"]
[SourceDate "2023.10.10"]
[SourceVersion "1"]
[SourceVersionDate "2023.10.10"]
[SourceQuality "1"]

1. d4 Nf6 2. c4 c5 3. d5 g6 4. Nc3 d6 5. e4 Bg7 6. Bd3 Nbd7 7. Nge2 Ne5 8. 0-0 0-0 9. Ng3 Neg4 10. Be2 Nh6 11. Rb1 b6 12. b4 cxb4 13. Rxb4 a5 14. Rb1 Nhg4 15. Na4 Rb8 16. f3 Nh6 17. Be3 Kh8 18. Rxb6 Bd7 19. Rxb8 Qxb8 20. Qb3 Bxa4 21. Qxa4 Qb4 22. Qxb4 axb4 23. Rb1 Ra8 24. Rxb4 Rxa2 25. c5 dxc5 26. Bxc5 Nhg8 27. Rb8 Nd7 28. Rxg8+ Kxg8 29. Bxe7 Bd4+ 30. Kh1 Bf2 31. Bb5 Rb2 32. Ba6 Nc5 1/2-1/2

[Event "Hospitalet de Llobregat Ponce 3rd"]
[Site "Hospitalet de Llobregat"]
[Date "2017.06.03"]
[Round "9"]
[White "Monteagudo Aguilera, Maximo"]
[Black "Daguro Dasalla, Armando"]
[Result "1/2-1/2"]
[WhiteElo "1761"]
[BlackElo "1961"]
[PlyCount "90"]
[EventDate "2017.04.01"]
[EventType "swiss"]
[EventRounds "9"]
[EventCountry "ESP"]
[SourceTitle "EXT 2018"]
[Source "ChessBase"]
[SourceDate "2017.10.13"]
[SourceVersion "1"]
[SourceVersionDate "2017.10.13"]
[SourceQuality "1"]

1. e4 Nc6 2. Nf3 e5 3. Bc4 Bc5 4. d3 Nf6 5. Bg5 d6 6. Nc3 h6 7. Be3 Bxe3 8. fxe3 Bg4 9. h3 Bh5 10. g4 Bg6 11. Qd2 Na5 12. Bb3 Nxb3 13. cxb3 c6 14. 0-0-0 Qc7 15. Kb1 Rd8 16. Nh4 Bh7 17. Qf2 Qb6 18. Nf5 Bxf5 19. exf5 Qb4 20. Qg2 Ke7 21. d4 Qa5 22. h4 Nd7 23. g5 Rhg8 24. Rhf1 f6 25. Qg4 Nb6 26. g6 Rd7 27. Qe4 d5 28. Qc2 e4 29. Rc1 Re8 30. Ne2 Kd8 31. Nf4 Kc8 32. Qc3 Qxc3 33. bxc3 a5 34. a4 Ree7 35. h5 Rd6 36. Kc2 Nd7 37. Ne6 b6 38. Kd2 c5 39. Rc2 Kb7 40. Rfc1 Rexe6 41. fxe6 Rxe6 42. Rf1 Kc6 43. Rf5 Rd6 44. b4 axb4 45. cxb4 c4 1/2-1/2

[Event "Sant Adria de Besos op 13th"]
[Site "Sant Adria de Besos"]
[Date "2017.04.23"]
[Round "1"]
[White "Serentill Tost, Eduard"]
[Black "Daguro Dasalla, Armando"]
[Result "1/2-1/2"]
[WhiteElo "1873"]
[BlackElo "2155"]
[PlyCount "132"]
[EventDate "2017.04.23"]
[EventType "swiss"]
[EventRounds "9"]
[EventCountry "ESP"]
[SourceTitle "EXT 2018"]
[Source "ChessBase"]
[SourceDate "2017.10.13"]
[SourceVersion "1"]
[SourceVersionDate "2017.10.13"]
[SourceQuality "1"]

1. e4 Nc6 2. d4 d5 3. e5 Bf5 4. c3 e6 5. Bd3 Bxd3 6. Qxd3 f6 7. exf6 gxf6 8. Be3 Qd7 9. Nf3 0-0-0 10. Nbd2 Re8 11. 0-0-0 Nge7 12. g4 Bg7 13. h3 Kb8 14. Nb3 b6 15. Qb5 Ka8 16. Bf4 Nc8 17. Rhe1 Nd6 18. Qf1 Nc4 19. Nfd2 Nxd2 20. Nxd2 e5 21. dxe5 fxe5 22. Bg3 Bh6 23. Kb1 Bg7 24. f4 exf4 25. Rxe8+ Rxe8 26. Qxf4 Be5 27. Qf2 Bxg3 28. Qxg3 Kb7 29. Re1 Rxe1+ 30. Qxe1 d4 31. cxd4 Qxd4 32. Nb3 Qd3+ 33. Kc1 Qxh3 34. Qe4 Qh6+ 35. Kd1 Qd6+ 36. Kc1 h6 37. Nd2 a5 38. Nf3 Ka6 39. a3 b5 40. Kb1 a4 41. g5 hxg5 42. Nxg5 Kb6 43. Qe6 Qxe6 44. Nxe6 Ne5 45. Kc2 c5 46. Kc3 Nc6 47. Nf4 Ne7 48. b3 axb3 49. Kxb3 Ka5 50. Ne6 c4+ 51. Kc3 Nd5+ 52. Kb2 Kb6 53. Kc2 Ka5 54. Nc5 Nb6 55. Nb7+ Ka4 56. Kb2 Nd7 57. Nd6 Ne5 58. Kc3 Ka5 59. Nb7+ Kb6 60. Nd6 Kc6 61. Ne4 Kb6 62. Kb4 Nd3+ 63. Kc3 Ka5 64. Nd6 Ne5 65. Kd4 Ka4 66. Kc3 Ka5 1/2-1/2

[Event "Barcelona Vila Gracia op 10th"]
[Site "Barcelona"]
[Date "2016.11.11"]
[Round "7.9"]
[White "Colom Andres, Xavier"]
[Black "Daguro Dasalla, Armando"]
[Result "0-1"]
[WhiteElo "1844"]
[BlackElo "1975"]
[PlyCount "51"]
[EventDate "2016.09.30"]
[EventType "swiss"]
[EventRounds "9"]
[EventCountry "ESP"]
[SourceTitle "EXT 2024"]
[Source "ChessBase"]
[SourceDate "2023.10.10"]
[SourceVersion "1"]
[SourceVersionDate "2023.10.10"]
[SourceQuality "1"]

1. d4 Nf6 2. Bg5 c6 3. Bxf6 exf6 4. e3 d5 5. Bd3 Bd6 6. Nd2 f5 7. Nh3 Qe7 8. Qf3 g6 9. c4 dxc4 10. Bxc4 Bb4 11. Qe2 Nd7 12. a3 Bxd2+ 13. Qxd2 Nf6 14. Ng5 0-0 15. 0-0 Ne4 16. Nxe4 fxe4 17. b4 Be6 18. Rfc1 Rfd8 19. Be2 Rd6 20. Rc5 Rad8 21. Rac1 a5 22. Qb2 axb4 23. axb4 Ra8 24. Ra1 Rxa1+ 25. Qxa1 b6 26. Re5 0-1